5HLuxD.jpg

KING HENRY VIII SENIOR AND PRIMARY SCHOOL LIBRARY OPAC

Cambridge IGCSE First Language English : (Record no. 3978)

000 -LEADER
fixed length control field 00696nam a22001937a 4500
003 - CONTROL NUMBER IDENTIFIER
control field OSt
005 - DATE AND TIME OF LATEST TRANSACTION
control field 20241127140215.0
008 - FIXED-LENGTH DATA ELEMENTS--GENERAL INFORMATION
fixed length control field 241127b ||||| |||| 00| 0 eng d
020 ## - INTERNATIONAL STANDARD BOOK NUMBER
International Standard Book Number 9781107651944
040 ## - CATALOGING SOURCE
Transcribing agency KH8
082 ## - DEWEY DECIMAL CLASSIFICATION NUMBER
Classification number 428 COX
100 ## - MAIN ENTRY--PERSONAL NAME
Personal name Cox, Marian,
Relator term author.
245 ## - TITLE STATEMENT
Title Cambridge IGCSE First Language English :
Remainder of title Teacher's Resource /
Statement of responsibility, etc. Marian Cox.
260 ## - PUBLICATION, DISTRIBUTION, ETC.
Place of publication, distribution, etc. UK;
Name of publisher, distributor, etc. Cambridge University Press,
Date of publication, distribution, etc. 2014.
300 ## - PHYSICAL DESCRIPTION
Extent x, 166 pages :
Other physical details iilustrations ;
Dimensions 30 cm.
520 ## - SUMMARY, ETC.
Summary, etc. Up-to-date resources providing full coverage of Cambridge IGCSE® First Language English (0500 and 0522) for first examination in 2015.
650 ## - SUBJECT ADDED ENTRY--TOPICAL TERM
Topical term or geographic name entry element English language Study and teaching
942 ## - ADDED ENTRY ELEMENTS (KOHA)
Source of classification or shelving scheme
Koha item type Teaching Resources
Holdings
Withdrawn status Lost status Source of classification or shelving scheme Damaged status Not for loan Collection code Permanent Location Current Location Shelving location Date acquired Full call number Barcode Date last seen Price effective from Koha item type
          Teaching Resources KH8 Senior School Library KH8 Senior School Library Staff Office 2024-11-27 428 COX TRKHSL006206 2024-11-27 2024-11-27 Teaching Resources

Powered By KH8 IT Dept